000 00815nam a2200241 a 4500
005 20210223122222.0
008 991125s19801999bar 000 0 spa u
020 _a8474231167 (Estudios y ensayos)
020 _a8474239605 (Libros de historia)
035 _aUPN01000031397
049 _aCG
050 4 _aD16.166
_bV5.4
100 1 _aVilar, Pierre,
_d1906-
245 1 0 _aIniciación al vocabulario del análisis histórico /
_cPierre Vilar ; tr. M. Dolors Folch.
260 _aBarcelona, Esp. :
_bCrítica,
_c1980 (1999 impr.).
300 _a315 p.
440 0 _aEstudios y ensayos ;
_v61
440 0 _aLibros de historia
590 _aBibliografía Básica (BGTQ)
590 0 _a(También localizas un ejemplar en el "Área de Reserva")
650 4 _aCIENCIAS SOCIALES E HISTORIA
_910427
905 _aLibro
999 _c31397
_d31397